000 00618nam a22001815i 4500
001 165283
003 ES-MaACL
005 20230906213114.0
008 021211s1889 sp |||| | spa d
040 _aAN
_bspa
_cAN
080 _a821.134.2-14"18"
100 1 _aSevillano, Cipriano.
_9132695
245 1 0 _aPoesías religiosas, morales y de asunto vario /
_cpor el presbítero Cipriano Sevillano.
260 _aGranada :
_b[s.n.],
_c1889 (
_fImp. de José López Guevara)
300 _aVIII, 190 p. ;
_c23 cm.
596 _aMarca tip. en port.
852 _aES-MaACL
_jL-4907(14-1)
_z-- Enc. hol.
_z.- Donativo Roda
999 _c165283
_d165283